[Event "Prague Golden Blitz op 17th"]
[Site "Prague"]
[Date "2022.07.16"]
[Round "10"]
[White "Korniichuk, Oleksandra"]
[Black "RuaIcka, Alea"]
[Result "0-1"]
[WhiteElo "1783"]
[BlackElo "2139"]
[PlyCount "142"]
[EventDate "2022.07.16"]
[EventType "swiss (blitz)"]
[EventRounds "11"]
[EventCountry "CZE"]
[SourceTitle "CBM 209 Extra"]
[Source "ChessBase"]
[SourceDate "2022.09.30"]
[SourceVersion "1"]
[SourceVersionDate "2022.09.30"]
[SourceQuality "1"]

1. e4 c5 2. Nf3 d6 3. d4 cxd4 4. Nxd4 Nf6 5. Nc3 a6 6. Be3 e5 7. Nb3 Be7 8. Bc4 Qc7 9. Bd5 0-0 10. 0-0 Nbd7 11. f3 Nb6 12. Qd2 Nbxd5 13. Nxd5 Nxd5 14. exd5 Bf5 15. c3 Rac8 16. Nc1 h6 17. Ne2 Bh7 18. f4 Bf6 19. Ng3 exf4 20. Bxf4 Be5 21. Rae1 Bxf4 22. Rxf4 Rce8 23. b3 Rxe1+ 24. Qxe1 Qc5+ 25. Qf2 Qxd5 26. h3 Re8 27. Nf5 Bxf5 28. Rxf5 Qe6 29. Kh2 b5 30. Rf3 Re7 31. Qd2 Qe5+ 32. Kg1 Qe1+ 33. Qxe1 Rxe1+ 34. Kh2 Kf8 35. Rd3 Ke7 36. a4 bxa4 37. bxa4 Ra1 38. Rd4 Ke6 39. Rb4 Ra3 40. c4 Ke5 41. Rb7 Ke6 42. Rb4 g6 43. Kg1 a5 44. Rb6 Rxa4 45. c5 Rd4 46. Ra6 Ke5 47. cxd6 Rxd6 48. Rxa5+ Kf4 49. Ra4+ Kg5 50. Kf2 f5 51. h4+ Kh5 52. g3 Rd3 53. Kg2 g5 54. hxg5 hxg5 55. Kf2 Rb3 56. Rc4 Rb2+ 57. Kg1 Re2 58. Kf1 Re4 59. Rc5 Kg4 60. Kf2 Ra4 61. Rc2 Kh3 62. Rc5 Ra2+ 63. Kf3 g4+ 64. Kf4 Rf2+ 65. Ke3 Rf3+ 66. Ke2 Kxg3 67. Rc8 f4 68. Rg8 Ra3 69. Rg7 f3+ 70. Ke1 f2+ 71. Kf1 Ra1+ 0-1

[Event "Prague Golden Blitz op 17th"]
[Site "Prague"]
[Date "2022.07.16"]
[Round "4"]
[White "Popov, Roman4"]
[Black "RuaIcka, Alea"]
[Result "0-1"]
[WhiteElo "1419"]
[BlackElo "2139"]
[PlyCount "64"]
[EventDate "2022.07.16"]
[EventType "swiss (blitz)"]
[EventRounds "11"]
[EventCountry "CZE"]
[SourceTitle "CBM 209 Extra"]
[Source "ChessBase"]
[SourceDate "2022.09.30"]
[SourceVersion "1"]
[SourceVersionDate "2022.09.30"]
[SourceQuality "1"]

1. d4 Nf6 2. c4 c5 3. d5 e6 4. Nc3 exd5 5. cxd5 d6 6. e4 g6 7. h3 Bg7 8. Nf3 0-0 9. Bd3 Na6 10. 0-0 Nc7 11. a4 b6 12. Re1 Ba6 13. Bf4 Re8 14. Qc2 Bxd3 15. Qxd3 Qd7 16. Nd2 Nh5 17. Bh2 Be5 18. Bxe5 Rxe5 19. Nc4 Ree8 20. Rad1 Rad8 21. e5 dxe5 22. Nxe5 Qd6 23. Nc4 Rxe1+ 24. Rxe1 Qd7 25. d6 Ne6 26. Ne4 Kg7 27. Ne5 Qb7 28. Qf3 Nd4 29. Qd3 f6 30. Nc4 Nf4 31. Qf3 Nd5 32. Nxf6 Nxf3+ 0-1

[Event "Prague Golden Blitz op 17th"]
[Site "Prague"]
[Date "2022.07.16"]
[Round "1"]
[White "RuaIcka, Alea"]
[Black "Krnak, Vladimir"]
[Result "1-0"]
[WhiteElo "2139"]
[BlackElo "1581"]
[PlyCount "50"]
[EventDate "2022.07.16"]
[EventType "swiss (blitz)"]
[EventRounds "11"]
[EventCountry "CZE"]
[SourceTitle "CBM 209 Extra"]
[Source "ChessBase"]
[SourceDate "2022.09.30"]
[SourceVersion "1"]
[SourceVersionDate "2022.09.30"]
[SourceQuality "1"]

1. e4 e5 2. Nf3 d6 3. d4 Nf6 4. dxe5 Nxe4 5. Bd3 Nc5 6. 0-0 Be7 7. exd6 Qxd6 8. Bb5+ c6 9. Qxd6 Bxd6 10. Re1+ Be6 11. Bc4 0-0 12. Bxe6 Nxe6 13. Nc3 Na6 14. Ne4 Rad8 15. Nxd6 Rxd6 16. Be3 b6 17. c3 c5 18. Kf1 h6 19. Ne5 Rfd8 20. Nc4 Rd5 21. a4 Nac7 22. Ke2 f6 23. Na3 a6 24. Nc4 b5 25. axb5 axb5 1-0

[Event "Prague Golden Blitz op 17th"]
[Site "Prague"]
[Date "2022.07.16"]
[Round "9"]
[White "RuaIcka, Alea"]
[Black "Omarsson, Adam"]
[Result "1-0"]
[WhiteElo "2139"]
[BlackElo "1761"]
[PlyCount "55"]
[EventDate "2022.07.16"]
[EventType "swiss (blitz)"]
[EventRounds "11"]
[EventCountry "CZE"]
[SourceTitle "CBM 209 Extra"]
[Source "ChessBase"]
[SourceDate "2022.09.30"]
[SourceVersion "1"]
[SourceVersionDate "2022.09.30"]
[SourceQuality "1"]

1. e4 g6 2. d4 Bg7 3. Nc3 d6 4. Be3 Nf6 5. f3 c6 6. Qd2 b5 7. 0-0-0 a5 8. g4 a4 9. Nce2 Qa5 10. c3 Be6 11. a3 Na6 12. Nf4 Bb3 13. Re1 c5 14. dxc5 dxc5 15. e5 Rd8 16. Qf2 Nd5 17. Nxd5 Rxd5 18. f4 Qd8 19. Bxb5+ Kf8 20. Nf3 Nc7 21. Bc6 Rd3 22. Be4 Rd7 23. f5 c4 24. fxg6 hxg6 25. Ng5 e6 26. Bc6 Re7 27. Bc5 Bh6 28. Qxf7# 1-0